000 01366cam a22003977a 4500
003 CHAP
005 20220817043652.0
008 000518d1996 us a r 00110 eng d
010 _a81165
011 _a82137
020 _a0824797124
035 _a92623
040 _cCHAP
082 0 4 _a612.397
_bM2
100 0 0 _aMcDonald, Richard E.
_eed.
_973486
245 1 0 _aFood lipids and health
_c/ed. by Richard E. McDonald and David B. Min
260 _aNew York :
_bMarcel Dekker,
_c1996.
300 _a473 p. :
_bilus.
410 2 _aInstitute of Food Technologists
490 0 _aBasic Symposium Series; 11
590 _aBATCH-UPD
_b10
_c20130110
_lUCH01
_h0346
590 _aBATCH-UPD
_b10
_c20130110
_lUCH01
_h1756
590 _aBATCH-UPD
_b10
_c20130410
_lUCH01
_h0019
590 _aBATCH-UPD
_b10
_c20130914
_lUCH01
_h0157
590 _aCONVERSION
_b10
_c20130109
_lUCH01
_h1345
650 1 4 _aAlimentos
_xValor nutritivo.
_94298
650 1 4 _aLípidos
_xMetabolismo.
_967488
650 1 4 _aNutrición.
_982246
711 0 _aBasic symposium, Food Lipids and Health (19 : 1995 : Anaheim, Calif.)
_910698
810 2 _aInstitute of Food Technologists
830 0 0 _aBasic Symposium Series; 11
_910697
901 _aBK
905 _aAlejandra Carrasco M.
942 _cLIBRO
949 _a612.397 M2
_bBC
_cLIBRO
_d33724000742912
_eLIBRO
_gI.203154
_h97582
_i92623
_si
_t$1947.
999 _c81165
_d81165